[Event "4NCL Online Division 5"]
[Site "online"]
[Date "2021.11.02"]
[EventDate "2021.11.02"]
[Round "6.262"]
[White "Mangalagiri, Pranav"]
[WhiteElo "1232"]
[WhiteTeam "Uxbridge E"]
[Black "Rowland, Benjamin"]
[BlackElo "1108"]
[BlackTeam "Barnet Knights D"]
[Result "1-0"]
[PlyCount "139"]

1. e4 e5 2. Nf3 Nc6 3. Bc4 Nf6 4. d3 Bc5 5. O-O O-O 6. Nc3 h6 7. h3 d6 8. Re1 Qe7 9. Nd5 Nxd5 10. Bxd5 Bd7 11. c3 Rab8 12. d4 Bb6 13. Bxc6 Bxc6 14. d5 Bd7 15. Be3 Bxe3 16. Rxe3 f5 17. exf5 Bxf5 18. Nd4 Bg6 19. Qg4 Qf7 20. Rf3 Qxd5 21. Qxg6 exd4 22. Rxf8+ Rxf8 23. cxd4 Qxd4 24. Qe6+ Kh8 25. Qe2 c5 26. Rd1 Qf6 27. f3 Rd8 28. b3 d5 29. Qb5 Qe7 30. a3 a6 31. Qb6 d4 32. b4 c4 33. a4 d3 34. Qf2 Qxb4 35. Qh4 Rd7 36. Qg4 Qxa4 37. Rd2 c3 38. Qxa4 cxd2 39. Qd1 Kg8 40. Qxd2 Kf7 41. Kf1 Kf6 42. Ke1 Ke5 43. Qb2+ Kf4 44. Kd2 g5 45. Qb4+ Ke5 46. Qe4+ Kf6 47. f4 gxf4 48. Qxf4+ Ke7 49. Qxh6 Kd8 50. Qf6+ Kc7 51. h4 a5 52. h5 a4 53. h6 a3 54. Qc3+ Kb6 55. Qxa3 Kc7 56. Qxd3 Rxd3+ 57. Kxd3 Kc6 58. h7 b5 59. h8=Q Kc5 60. Qc3+ Kb6 61. Qb4 Kc6 62. g4 Kb6 63. g5 Kc6 64. g6 Kb6 65. g7 Kc6 66. g8=Q Kb6 67. Qe6+ Kc7 68. Qbe7+ Kb8 69. Qb6+ Kc8 70. Qec7# 1-0

[Event "4NCL Online Division 5"]
[Site "online"]
[Date "2021.11.02"]
[EventDate "2021.11.02"]
[Round "6.263"]
[White "Kuryan, Elizabeth"]
[WhiteElo "990"]
[WhiteTeam "Barnet Knights D"]
[Black "Harris, Harrison"]
[BlackElo "1195"]
[BlackTeam "Uxbridge E"]
[Result "1-0"]
[PlyCount "31"]

1. e4 e5 2. Nf3 Nc6 3. d4 d6 4. d5 Nce7 5. Be2 b6 6. O-O Nf6 7. Nc3 c6 8. dxc6 Nxc6 9. Bb5 Bd7 10. Bg5 Be7 11. Re1 O-O 12. Nd5 a6 13. Bc4 Nxe4 14. Bxe7 Qxe7 15. Nxe7+ Nxe7 16. Rxe4 1-0

[Event "4NCL Online Division 5"]
[Site "online"]
[Date "2021.11.02"]
[EventDate "2021.11.02"]
[Round "6.264"]
[White "Beazley, Eric"]
[WhiteElo "1123"]
[WhiteTeam "Uxbridge E"]
[Black "Morin, Julian"]
[BlackElo "897"]
[BlackTeam "Barnet Knights D"]
[Result "0-1"]
[PlyCount "54"]

1. e4 c5 2. Bc4 Nc6 3. Qf3 Nf6 4. d3 Ne5 5. Qf4 Nxc4 6. dxc4 d6 7. Nd2 e5 8. Qe3 Be6 9. Ngf3 Be7 10. O-O O-O 11. Nh4 Ng4 12. Qg3 Bxh4 13. Qf3 Qf6 14. Qe2 Bxf2+ 15. Rxf2 Qxf2+ 16. Qxf2 Nxf2 17. Kxf2 f5 18. Kg3 f4+ 19. Kh4 Rf6 20. Nf3 Rh6+ 21. Kg5 Rg6+ 22. Kh5 Bg4+ 23. Kh4 Bxf3 24. gxf3 Rg1 25. a4 Rf8 26. b3 Rf6 27. h3 Rh6# 0-1

[Event "4NCL Online Division 5"]
[Site "online"]
[Date "2021.11.02"]
[EventDate "2021.11.02"]
[Round "6.271"]
[White "Kerrane, John"]
[WhiteElo "1673"]
[WhiteTeam "Hebden Bridge 3"]
[Black "McKechnie, Joel"]
[BlackElo "1303"]
[BlackTeam "Watford Juniors B"]
[Result "1-0"]
[PlyCount "78"]

1. d4 d6 2. e4 g6 3. Nf3 Bg7 4. Be3 Nd7 5. Nc3 b6 6. Bd3 Bb7 7. O-O e5 8. d5 c6 9. dxc6 Bxc6 10. Bb5 Bb7 11. Qxd6 Nf6 12. Qd3 O-O 13. Rfe1 Nc5 14. Qxd8 Rfxd8 15. Bxc5 bxc5 16. Bd3 Nd7 17. Rad1 Rab8 18. Bc4 Bc6 19. b3 Nf6 20. Nxe5 Rxd1 21. Rxd1 Nxe4 22. Nxe4 Bxe5 23. Nxc5 Bb5 24. Bxb5 Rxb5 25. Nd3 Rd5 26. g3 Rd8 27. Kf1 Bg7 28. f4 Rc8 29. Rd2 Ra8 30. Re2 a5 31. Ne5 a4 32. c4 axb3 33. axb3 Ra1+ 34. Kf2 Rb1 35. Re3 Rb2+ 36. Kg1 Rb1+ 37. Kg2 Rb2+ 38. Kh3 Bxe5 39. fxe5 Rxb3 1-0

[Event "4NCL Online Division 5"]
[Site "online"]
[Date "2021.11.02"]
[EventDate "2021.11.02"]
[Round "6.272"]
[White "Khandelwal, Akshaj"]
[WhiteElo "1118"]
[WhiteTeam "Watford Juniors B"]
[Black "Blinkhorn, Joshua"]
[BlackElo "1571"]
[BlackTeam "Hebden Bridge 3"]
[Result "0-1"]
[PlyCount "80"]

1. d4 Nf6 2. c4 g6 3. Nc3 d5 4. Bf4 Bg7 5. e3 O-O 6. Nf3 c5 7. Be2 cxd4 8. exd4 dxc4 9. Bxc4 a6 10. O-O b5 11. Bb3 Nbd7 12. Ne5 Bb7 13. Re1 e6 14. a4 b4 15. Ne2 a5 16. Bg5 h6 17. Nxd7 Qxd7 18. Bxf6 Bxf6 19. Qd3 Rfd8 20. Rad1 Ra6 21. d5 exd5 22. Bxd5 Qxd5 23. Qxd5 Rxd5 24. Rxd5 Bxd5 25. Nf4 Bb3 26. Re2 Rd6 27. g3 Bxa4 28. Kg2 Bc6+ 29. Kf1 Rd1+ 30. Re1 Rxe1+ 31. Kxe1 Bxb2 32. Kd2 Bc3+ 33. Kc2 a4 34. Nd3 a3 35. Kb1 Be4 36. Ka2 Bxd3 37. Kb3 Bb1 38. f4 a2 39. f5 a1=Q 40. fxg6 Qa2# 0-1

[Event "4NCL Online Division 5"]
[Site "online"]
[Date "2021.11.02"]
[EventDate "2021.11.02"]
[Round "6.273"]
[White "Catlow, Robert"]
[WhiteElo "1411"]
[WhiteTeam "Hebden Bridge 3"]
[Black "Patel, Ananya"]
[BlackElo "1104"]
[BlackTeam "Watford Juniors B"]
[Result "1-0"]
[PlyCount "101"]

1. d4 d6 2. c4 Nf6 3. Nc3 g6 4. e4 Bg7 5. Bd3 Nc6 6. Nge2 O-O 7. f3 e5 8. d5 Ne7 9. Be3 b6 10. b4 c5 11. dxc6 Nxc6 12. a3 a6 13. O-O Be6 14. Qd2 Re8 15. Rfd1 Rb8 16. Rac1 Qd7 17. Na4 Nd4 18. Nac3 Nb3 19. Qc2 Nxc1 20. Qxc1 Rec8 21. Nd5 Nxd5 22. exd5 Bxd5 23. Ng3 b5 24. Qb1 bxc4 25. Be4 Be6 26. Ne2 f5 27. Bc2 d5 28. Nc3 d4 29. Bf2 d3 30. Ba4 Qc7 31. Be1 e4 32. fxe4 Bd4+ 33. Kh1 fxe4 34. Nxe4 Bf5 35. Bg3 Be5 36. Bxe5 Qxe5 37. Ng3 Rf8 38. Qc1 c3 39. Nxf5 Qxf5 40. Bb3+ Kh8 41. Qxc3+ Rf6 42. h3 Rf8 43. Rxd3 h5 44. Bc2 Qf1+ 45. Kh2 Kh7 46. Qc5 Rf2 47. Rg3 R2f6 48. Qxh5+ Kg7 49. Rxg6+ Rxg6 50. Qxg6+ Kh8 51. Qh7# 1-0

[Event "4NCL Online Division 5"]
[Site "online"]
[Date "2021.11.02"]
[EventDate "2021.11.02"]
[Round "6.274"]
[White "Patel, Aashna"]
[WhiteElo "1081"]
[WhiteTeam "Watford Juniors B"]
[Black "Sullivan, Terry"]
[BlackElo "1400"]
[BlackTeam "Hebden Bridge 3"]
[Result "0-1"]
[PlyCount "142"]

1. e4 e6 2. Nf3 d5 3. d3 dxe4 4. dxe4 Qxd1+ 5. Kxd1 Bc5 6. Be3 Bxe3 7. fxe3 Bd7 8. Nc3 Ne7 9. Bd3 Nbc6 10. Ke2 O-O-O 11. Rad1 h6 12. Kd2 Nb4 13. Kc1 Nxd3+ 14. Rxd3 Bc6 15. Rhd1 Rxd3 16. Rxd3 f6 17. e5 f5 18. Nd4 Bd5 19. Ndb5 a6 20. Na3 Bxg2 21. Ne2 g5 22. Rd2 Nc6 23. Ng3 Bh3 24. Nh5 Nxe5 25. Ng7 f4 26. exf4 gxf4 27. Rf2 f3 28. Nb1 Rg8 29. Nh5 Rg1+ 30. Kd2 Rxb1 31. b3 Bg4 32. Nf6 h5 33. h3 Bf5 34. Nxh5 Bxh3 35. Nf4 Bf5 36. Kc3 Rh1 37. Kd4 Nc6+ 38. Ke3 Re1+ 39. Kxf3 Nd4+ 40. Kg3 Re3+ 41. Kg2 Rc3 42. Ne2 Nxe2 43. Rxe2 Rxc2 44. Rxc2 Bxc2 45. Kf3 Bf5 46. Kf4 Kd7 47. Ke5 c6 48. Kd4 b6 49. a4 a5 50. Kc4 Kd6 51. b4 axb4 52. Kxb4 Bd3 53. Kc3 Be2 54. Kd4 e5+ 55. Ke4 c5 56. Ke3 Bd1 57. Kd3 Bxa4 58. Kc4 b5+ 59. Kd3 Kd5 60. Kc3 e4 61. Kd2 Kd4 62. Ke2 e3 63. Ke1 Kd3 64. Kf1 Kd2 65. Kg2 e2 66. Kf2 e1=Q+ 67. Kf3 Qe3+ 68. Kg2 Ke2 69. Kh2 Qg5 70. Kh3 Kf3 71. Kh2 Qg2# 0-1

[Event "4NCL Online Division 5"]
[Site "online"]
[Date "2021.11.16"]
[EventDate "2021.11.16"]
[Round "7.11"]
[White "Cook, Philip"]
[WhiteElo "2149"]
[WhiteTeam "Hebden Bridge 1"]
[Black "Murphy, Sean"]
[BlackElo "1990"]
[BlackTeam "Cork"]
[Result "0-1"]
[PlyCount "92"]

1. d4 Nf6 2. Nf3 g6 3. g3 Bg7 4. Bg2 O-O 5. O-O d5 6. c4 Nc6 7. cxd5 Nxd5 8. e4 Nb6 9. d5 Na5 10. Nc3 c6 11. Nd4 cxd5 12. exd5 e6 13. Nb3 Nxd5 14. Nxd5 exd5 15. Qxd5 Nc6 16. Bg5 Qxd5 17. Bxd5 Bxb2 18. Rab1 Bg7 19. Nc5 h6 20. Nxb7 hxg5 21. Bxc6 Be6 22. a4 Rac8 23. Bg2 Rc2 24. Nd6 Rd8 25. Ne4 g4 26. Rb7 Bd4 27. Rd1 Bxf2+ 28. Nxf2 Rxd1+ 29. Nxd1 Rxg2+ 30. Kxg2 Bd5+ 31. Kf2 Bxb7 32. Ke3 g5 33. Kd4 Kg7 34. Ke5 Kg6 35. a5 f6+ 36. Ke6 Bc8+ 37. Kd6 Ba6 38. Ne3 Be2 39. Ke6 a6 40. Ke7 f5 41. Nd5 Bc4 42. Ne3 Bb3 43. Ng2 Bd5 44. Ne3 Be4 45. Ke6 f4 46. Nxg4 Bf5+ 0-1

[Event "4NCL Online Division 5"]
[Site "online"]
[Date "2021.11.16"]
[EventDate "2021.11.16"]
[Round "7.12"]
[White "de Jonge, Henk"]
[WhiteElo "1945"]
[WhiteTeam "Cork"]
[Black "Eagleton, Greg T"]
[BlackElo "2065"]
[BlackTeam "Hebden Bridge 1"]
[Result "0-1"]
[PlyCount "64"]

1. d4 Nf6 2. c4 g6 3. f3 d6 4. e4 Bg7 5. Nc3 O-O 6. Bg5 c5 7. d5 e6 8. Qd2 exd5 9. cxd5 h6 10. Be3 Nbd7 11. Nh3 Ne5 12. Nf2 h5 13. Be2 Re8 14. O-O a6 15. a4 Qa5 16. Qc2 Nh7 17. Ra3 f5 18. Nb5 Qd8 19. Nxd6 Qxd6 20. Bxc5 Qd8 21. f4 Ng4 22. Nxg4 hxg4 23. e5 g5 24. g3 gxf4 25. gxf4 Bd7 26. Bd4 Rc8 27. Rc3 Nf8 28. Bd3 Qa5 29. b3 Qxd5 30. Bc4 Rxc4 31. Rxc4 Bc6 32. Qxf5 Qg2# 0-1

[Event "4NCL Online Division 5"]
[Site "online"]
[Date "2021.11.16"]
[EventDate "2021.11.16"]
[Round "7.13"]
[White "Shapland, David"]
[WhiteElo "1928"]
[WhiteTeam "Hebden Bridge 1"]
[Black "Lawrence, Simon"]
[BlackElo "1682"]
[BlackTeam "Cork"]
[Result "0-1"]
[PlyCount "56"]

1. e4 c6 2. Ne2 d5 3. e5 c5 4. c3 Nc6 5. d4 Bg4 6. Be3 e6 7. Na3 cxd4 8. Bxd4 Bxa3 9. bxa3 Nge7 10. f3 Bf5 11. Ng3 O-O 12. Be2 Qa5 13. O-O Nxd4 14. Qxd4 Qxa3 15. Rfc1 Bg6 16. Qf4 Rac8 17. c4 Rc7 18. cxd5 Nxd5 19. Qd2 Rfc8 20. Rxc7 Rxc7 21. Bd1 Qc3 22. Qxc3 Nxc3 23. Bb3 a5 24. Kf2 a4 25. Bd1 Kf8 26. Be2 b5 27. Ke3 Nd5+ 28. Kd4 Nb4 0-1

[Event "4NCL Online Division 5"]
[Site "online"]
[Date "2021.11.16"]
[EventDate "2021.11.16"]
[Round "7.14"]
[White "Twomey, Liam"]
[WhiteElo "1471"]
[WhiteTeam "Cork"]
[Black "Leonard, Pete"]
[BlackElo "1864"]
[BlackTeam "Hebden Bridge 1"]
[Result "0-1"]
[PlyCount "112"]

1. e4 Nf6 2. e5 Nd5 3. d4 d6 4. exd6 cxd6 5. c4 Nf6 6. Nf3 g6 7. Nc3 Bg7 8. Be3 O-O 9. h3 Nc6 10. Be2 d5 11. O-O Be6 12. Ng5 Bf5 13. cxd5 Nxd5 14. Nxd5 Qxd5 15. Bf3 Qb5 16. Bxc6 bxc6 17. Qd2 Bd3 18. Rfd1 Be2 19. Re1 Bc4 20. Ne4 Qf5 21. Ng3 Qd5 22. Ne2 Rfd8 23. b3 Bxe2 24. Rxe2 c5 25. Rd1 cxd4 26. Bf4 e5 27. Bg5 Re8 28. f3 Rac8 29. Bh4 f5 30. Bf2 Rc5 31. Kf1 Rd8 32. Rde1 d3 33. Re3 Bh6 34. Qxd3 Bxe3 35. Qxe3 Ra5 36. a4 Qd3+ 37. Kg1 Qxe3 38. Rxe3 Rd1+ 39. Be1 Rad5 40. Kf2 Kf7 41. Ke2 Rb1 42. Bc3 Rxb3 43. g3 Ra3 44. a5 Ra2+ 45. Ke1 Rb5 46. Kf1 Rb1+ 47. Be1 Ke6 48. Re2 Rxe2 49. Kxe2 Rxe1+ 50. Kxe1 Kd5 51. Ke2 Kc5 52. Kd3 Kb5 53. g4 Kxa5 54. Kc4 e4 55. gxf5 exf3 56. Kd3 gxf5 0-1

[Event "4NCL Online Division 5"]
[Site "online"]
[Date "2021.11.16"]
[EventDate "2021.11.16"]
[Round "7.21"]
[White "Wedge, David C"]
[WhiteElo "1877"]
[WhiteTeam "Hebden Bridge 2"]
[Black "Strong, Chris M"]
[BlackElo "1750"]
[BlackTeam "Wells Globetrotters 1"]
[Result "1-0"]
[PlyCount "99"]

1. e4 c5 2. Nc3 Nc6 3. g3 Nf6 4. Bg2 g6 5. d3 Bg7 6. f4 O-O 7. Nf3 d5 8. e5 Ng4 9. h3 Nh6 10. O-O e6 11. g4 Bd7 12. f5 exf5 13. g5 Nxe5 14. gxh6 Nxf3+ 15. Qxf3 Bh8 16. Qxd5 Bd4+ 17. Kh1 b5 18. Qxa8 Qxa8 19. Bxa8 Rxa8 20. Ne2 Bc6+ 21. Kh2 Be5+ 22. Kg1 Re8 23. c3 a5 24. Bf4 Bf6 25. Rae1 b4 26. Nc1 bxc3 27. Rxe8+ Bxe8 28. bxc3 Bxc3 29. Ne2 Bf6 30. Rb1 Kf8 31. Bd6+ Be7 32. Bxe7+ Kxe7 33. h4 Bd7 34. Kf2 Kf6 35. Rg1 Ke5 36. Ke3 Be6 37. a3 f6 38. d4+ cxd4+ 39. Nxd4 Bc4 40. Nc6+ Kd5 41. Nxa5 Bb5 42. Nb3 Ke5 43. Nd4 f4+ 44. Kf3 Kxd4 45. Kxf4 Bd3 46. Rc1 Kd5 47. a4 Bc4 48. a5 Kc5 49. a6 Kb5 50. Rxc4 1-0

[Event "4NCL Online Division 5"]
[Site "online"]
[Date "2021.11.16"]
[EventDate "2021.11.16"]
[Round "7.22"]
[White "Goatcher, Matthew W"]
[WhiteElo "1682"]
[WhiteTeam "Wells Globetrotters 1"]
[Black "Allan, John M"]
[BlackElo "1799"]
[BlackTeam "Hebden Bridge 2"]
[Result "1/2-1/2"]
[PlyCount "72"]

1. c4 c5 2. g3 Nf6 3. Bg2 e6 4. e3 d5 5. cxd5 Nxd5 6. Nc3 Nb4 7. d4 cxd4 8. exd4 Qxd4 9. Be3 Qxd1+ 10. Kxd1 Be7 11. a3 N4a6 12. b4 O-O 13. Nge2 Rd8+ 14. Kc2 Nd7 15. f4 Nb6 16. Rhd1 Nd5 17. Nxd5 exd5 18. Rxd5 Rxd5 19. Bxd5 Bf5+ 20. Kb3 Rd8 21. Bc4 Nc7 22. b5 b6 23. Nd4 Be4 24. Re1 Bd5 25. Bf2 Bc5 26. Bxd5 Bxd4 27. Bxd4 Nxd5 28. Be5 f6 29. Bb2 Kf7 30. a4 Nc7 31. Re3 Ne6 32. Ba3 Rd5 33. h4 Nc5+ 34. Bxc5 Rxc5 35. Kb4 h5 36. a5 Rc1 1/2-1/2

[Event "4NCL Online Division 5"]
[Site "online"]
[Date "2021.11.16"]
[EventDate "2021.11.16"]
[Round "7.23"]
[White "Hill, Ollie"]
[WhiteElo "1724"]
[WhiteTeam "Hebden Bridge 2"]
[Black "Johnson, RN Phil"]
[BlackElo "1611"]
[BlackTeam "Wells Globetrotters 1"]
[Result "0-1"]
[PlyCount "64"]

1. d4 c6 2. c4 d5 3. Nc3 Nf6 4. Nf3 Bf5 5. cxd5 cxd5 6. Qb3 e6 7. Qxb7 Nbd7 8. e3 Be7 9. Bb5 O-O 10. Bxd7 Nxd7 11. O-O a5 12. Qb5 Qc7 13. a4 Bb4 14. Bd2 Rab8 15. Qe2 Bg4 16. Rac1 Bxc3 17. Rxc3 Qa7 18. b3 Nf6 19. Rfc1 Qb6 20. h3 Bh5 21. g4 Bg6 22. Ne5 Rb7 23. f3 h6 24. Nxg6 fxg6 25. Rb1 Rbf7 26. Rc5 Nd7 27. Bxa5 Qd6 28. Bc7 Qe7 29. Rc6 Rxf3 30. Bf4 Rxh3 31. Kg2 Qh4 32. Bd6 e5 0-1

[Event "4NCL Online Division 5"]
[Site "online"]
[Date "2021.11.16"]
[EventDate "2021.11.16"]
[Round "7.24"]
[White "Roome, Gregory"]
[WhiteElo "1601"]
[WhiteTeam "Wells Globetrotters 1"]
[Black "Kerrane, John"]
[BlackElo "1673"]
[BlackTeam "Hebden Bridge 2"]
[Result "1-0"]
[PlyCount "67"]

1. d4 d5 2. c4 e6 3. Nf3 Nf6 4. Bg5 Nbd7 5. Nc3 c6 6. e3 Qa5 7. a3 Ne4 8. Qc2 Nxc3 9. bxc3 Qc7 10. c5 e5 11. Bd3 f6 12. Bh4 e4 13. Bxe4 dxe4 14. Qxe4+ Be7 15. Bg3 Qd8 16. Bd6 Kf7 17. Bg3 Re8 18. Qxh7 Nf8 19. Qd3 Be6 20. Rb1 Qd7 21. Ke2 b6 22. cxb6 axb6 23. Rxb6 Rxa3 24. Rhb1 Ra4 25. Nd2 Ra7 26. Kf1 Rea8 27. Kg1 Bd6 28. Bxd6 Qxd6 29. Ne4 Qc7 30. Nc5 Ra1 31. Rb7 Qxb7 32. Nxb7 Rxb1+ 33. Qxb1 Rb8 34. Nd6+ 1-0

[Event "4NCL Online Division 5"]
[Site "online"]
[Date "2021.11.16"]
[EventDate "2021.11.16"]
[Round "7.31"]
[White "Morrison, Julian"]
[WhiteElo "2006"]
[WhiteTeam "Charlton Cobras B"]
[Black "Hertog, Alexander"]
[BlackElo "1720"]
[BlackTeam "Oxford 4"]
[Result "1-0"]
[PlyCount "53"]

1. e4 c6 2. d4 d5 3. exd5 cxd5 4. Bd3 Nc6 5. c3 Nf6 6. Bf4 e6 7. Nd2 Bd6 8. Bxd6 Qxd6 9. Ngf3 Bd7 10. O-O O-O 11. Re1 Rfe8 12. Ne5 Re7 13. Ndf3 Ne8 14. Bxh7+ Kxh7 15. Ng5+ Kg8 16. Qh5 Nf6 17. Qh4 g6 18. Ng4 Nh5 19. Ne5 Kg7 20. g4 Nf6 21. Re3 Qb8 22. Rh3 Qh8 23. Qg3 Qd8 24. Qf4 Be8 25. Nxe6+ fxe6 26. Qh6+ Kg8 27. Qh8# 1-0

[Event "4NCL Online Division 5"]
[Site "online"]
[Date "2021.11.16"]
[EventDate "2021.11.16"]
[Round "7.32"]
[White "King, Simon E"]
[WhiteElo "1674"]
[WhiteTeam "Oxford 4"]
[Black "Mayer, Daniel H"]
[BlackElo "1984"]
[BlackTeam "Charlton Cobras B"]
[Result "0-1"]
[PlyCount "52"]

1. e4 e6 2. d4 d5 3. e5 c5 4. c3 Nc6 5. Nf3 Qb6 6. Be2 cxd4 7. cxd4 Nh6 8. O-O Nf5 9. Kh1 Ncxd4 10. Nxd4 Qxd4 11. Bb5+ Bd7 12. Bxd7+ Kxd7 13. Bd2 a6 14. Nc3 Be7 15. Qe2 Rac8 16. Rfd1 f6 17. exf6 Bxf6 18. g4 Nh4 19. f4 Qc4 20. Qf2 Bxc3 21. Qxh4 Qe4+ 22. Kg1 Bd4+ 23. Kf1 Qh1+ 24. Ke2 Qg2+ 25. Ke1 g5 26. fxg5 Rcf8 0-1

[Event "4NCL Online Division 5"]
[Site "online"]
[Date "2021.11.16"]
[EventDate "2021.11.16"]
[Round "7.33"]
[White "Moore, Garfield"]
[WhiteElo "1885"]
[WhiteTeam "Charlton Cobras B"]
[Black "Kassey, Amaan"]
[BlackElo "1624"]
[BlackTeam "Oxford 4"]
[Result "1-0"]
[PlyCount "67"]

1. d4 Nf6 2. c4 e6 3. Nc3 Bb4 4. Qc2 Nc6 5. Nf3 b6 6. Bg5 h6 7. Bh4 Bb7 8. e3 Nb8 9. Be2 d6 10. O-O Nbd7 11. a3 Bxc3 12. Qxc3 c5 13. b4 O-O 14. dxc5 dxc5 15. Rfd1 Qc7 16. Bg3 Qd8 17. Ne5 Qe7 18. Nxd7 Nxd7 19. Bd6 Qg5 20. Bg3 Nf6 21. f3 Nh7 22. Rd7 Bc8 23. Rd6 Rd8 24. Rad1 Rxd6 25. Rxd6 cxb4 26. axb4 Nf8 27. Qd2 Bb7 28. Bd1 Rc8 29. Qd3 Qg6 30. e4 Qf6 31. Bf2 Qe7 32. c5 Rc6 33. e5 Nd7 34. Rxd7 1-0

[Event "4NCL Online Division 5"]
[Site "online"]
[Date "2021.11.16"]
[EventDate "2021.11.16"]
[Round "7.34"]
[White "Murawski, Jan"]
[WhiteElo "1571"]
[WhiteTeam "Oxford 4"]
[Black "Virgin, Jack"]
[BlackElo "1880"]
[BlackTeam "Charlton Cobras B"]
[Result "1-0"]
[PlyCount "69"]

1. d4 Nf6 2. c4 g6 3. Nc3 Bg7 4. e4 d6 5. Bg5 Nbd7 6. Be2 c5 7. d5 Qa5 8. Bd2 Qb6 9. f4 h5 10. Nf3 Ng4 11. h3 Nh6 12. Qc2 Nf8 13. Nb5 f5 14. Qa4 Kf7 15. Ba5 Qa6 16. Nc7 Bd7 17. Qa3 Bxb2 18. Qxb2 Qxa5+ 19. Kf2 fxe4 20. Ng5+ Kg8 21. Nxa8 e3+ 22. Kxe3 Nf5+ 23. Kf2 Nh7 24. Nf7 Kxf7 25. Qxh8 Nf6 26. Rhe1 Qc3 27. Kg1 Qe3+ 28. Kh2 Qg3+ 29. Kh1 Nh4 30. Bf1 Bxh3 31. Rxe7+ Kxe7 32. Qg7+ Ke8 33. Nc7+ Kd8 34. Ne6+ Ke8 35. Qf8+ 1-0

[Event "4NCL Online Division 5"]
[Site "online"]
[Date "2021.11.16"]
[EventDate "2021.11.16"]
[Round "7.41"]
[White "Coathup, Roger H"]
[WhiteElo "2192"]
[WhiteTeam "Morpeth"]
[Black "Taylor, Robert K"]
[BlackElo "1973"]
[BlackTeam "Sheffield Uni '70s graduates"]
[Result "1/2-1/2"]
[PlyCount "111"]

1. Nf3 d5 2. e3 Nf6 3. b3 g6 4. Bb2 Bg7 5. d4 b6 6. Nbd2 Bb7 7. Bd3 Nc6 8. O-O Nb4 9. Be2 O-O 10. c4 c5 11. a3 Nc6 12. Rc1 cxd4 13. Nxd4 Qd7 14. Qc2 Rfc8 15. Qb1 Ne4 16. Nxe4 dxe4 17. Rfd1 Qe8 18. Nxc6 Bxc6 19. Bxg7 Kxg7 20. b4 Rab8 21. Rd4 Rd8 22. Rcd1 Rxd4 23. Rxd4 Rd8 24. Qd1 Rxd4 25. Qxd4+ f6 26. Kf1 Qc8 27. Ke1 Qc7 28. g3 Qc8 29. h4 Qc7 30. c5 b5 31. Bd1 Qc8 32. Bc2 Qe6 33. Kd1 Qg4+ 34. Kc1 Qf5 35. Qd2 Qe5 36. Kb1 g5 37. Bb3 gxh4 38. gxh4 Qc7 39. Qe2 Qd7 40. Kc1 Qh3 41. h5 a6 42. Kd2 Qf5 43. Ke1 Kh6 44. Bd1 Qe5 45. Qd2 Be8 46. Qd4 Qe6 47. Bc2 f5 48. f3 exf3 49. Qf4+ Kg7 50. Qxf5 Qxe3+ 51. Kd1 f2 52. Qxh7+ Kf6 53. Qf5+ Kg7 54. Qh7+ Kf6 55. Qf5+ Kg7 56. Qh7+ 1/2-1/2

[Event "4NCL Online Division 5"]
[Site "online"]
[Date "2021.11.16"]
[EventDate "2021.11.16"]
[Round "7.42"]
[White "Beckett, Phill"]
[WhiteElo "1826"]
[WhiteTeam "Sheffield Uni '70s graduates"]
[Black "Symonds, Richard H"]
[BlackElo "1958"]
[BlackTeam "Morpeth"]
[Result "1-0"]
[PlyCount "75"]

1. e4 d6 2. d4 Nf6 3. Nc3 Nbd7 4. Nf3 e5 5. Bc4 Be7 6. O-O c6 7. dxe5 dxe5 8. Qe2 b5 9. Bd3 O-O 10. a4 b4 11. Nd1 Qc7 12. Ne3 Nc5 13. Nc4 Nfd7 14. Rd1 a5 15. Be3 Ba6 16. Bxc5 Bxc5 17. Nxa5 Bxd3 18. Qxd3 Rfd8 19. Nb3 Nb6 20. Qe2 Rxd1+ 21. Rxd1 Nxa4 22. Nxc5 Nxc5 23. Qc4 Rd8 24. Rxd8+ Qxd8 25. h3 Qd6 26. Qxb4 f6 27. Qa3 Nxe4 28. Qa8+ Kf7 29. Qb7+ Kf8 30. Qc8+ Kf7 31. Qf5 Qd5 32. Qxh7 Qd1+ 33. Kh2 Nxf2 34. Nxe5+ Ke6 35. Nf3 Qd6+ 36. Kg1 Qg3 37. Nd4+ Kd7 38. Qf5+ 1-0

[Event "4NCL Online Division 5"]
[Site "online"]
[Date "2021.11.16"]
[EventDate "2021.11.16"]
[Round "7.43"]
[White "Eastlake, Phil"]
[WhiteElo "1875"]
[WhiteTeam "Morpeth"]
[Black "Moore, Brian"]
[BlackElo "1824"]
[BlackTeam "Sheffield Uni '70s graduates"]
[Result "1-0"]
[PlyCount "53"]

1. e4 d5 2. exd5 Qxd5 3. Nc3 Qa5 4. d4 c6 5. Bc4 Nf6 6. Nf3 Bf5 7. Bd2 e6 8. Nd5 Qd8 9. Nxf6+ Qxf6 10. Qe2 Bg4 11. O-O-O Bxf3 12. gxf3 Be7 13. Rhg1 h6 14. Bc3 Qf4+ 15. Kb1 b5 16. Bd3 Bf6 17. Rg4 Qc7 18. d5 cxd5 19. Bxf6 gxf6 20. Bxb5+ Kf8 21. Qd2 a6 22. Ba4 Nd7 23. Bxd7 Qxd7 24. c4 f5 25. Qd4 Rg8 26. Qc5+ Qe7 27. Rxg8+ 1-0

[Event "4NCL Online Division 5"]
[Site "online"]
[Date "2021.11.16"]
[EventDate "2021.11.16"]
[Round "7.44"]
[White "McSheehy, Chris J"]
[WhiteElo "1721"]
[WhiteTeam "Sheffield Uni '70s graduates"]
[Black "Turner, James"]
[BlackElo "1953"]
[BlackTeam "Morpeth"]
[Result "1/2-1/2"]
[PlyCount "98"]

1. d4 Nf6 2. c4 g6 3. Nc3 Bg7 4. Nf3 O-O 5. Bg5 c5 6. e3 cxd4 7. exd4 d5 8. Bxf6 Bxf6 9. Nxd5 Bg7 10. Be2 Nc6 11. O-O e6 12. Nc3 Nxd4 13. Nxd4 Qxd4 14. Qc2 a6 15. Rfd1 Qe5 16. Bf3 Rb8 17. Rac1 Bh6 18. Re1 Qc7 19. Rcd1 b5 20. cxb5 axb5 21. a3 b4 22. axb4 Rxb4 23. Re4 Rxe4 24. Bxe4 Bg7 25. Qb3 Ba6 26. Qa3 Bc4 27. Rd6 Rc8 28. Rc6 Qd8 29. Rxc8 Qxc8 30. Qa8 Qxa8 31. Bxa8 Bd4 32. g3 Kf8 33. Kg2 Ke7 34. f4 Kd6 35. Be4 Kc5 36. Kf3 Kb4 37. Bc6 Bxc3 38. bxc3+ Kxc3 39. Ke4 f6 40. Be8 Bd3+ 41. Ke3 e5 42. Bf7 g5 43. fxe5 fxe5 44. h4 gxh4 45. gxh4 Bf5 46. h5 h6 47. Bg6 Bg4 48. Ke4 Bxh5 49. Bxh5 Kc4 1/2-1/2

[Event "4NCL Online Division 5"]
[Site "online"]
[Date "2021.11.16"]
[EventDate "2021.11.16"]
[Round "7.51"]
[White "Bucher, Goetz"]
[WhiteElo "1969"]
[WhiteTeam "Bearsden Grizzlies"]
[Black "Tillett, Matthew"]
[BlackElo "1875"]
[BlackTeam "Streatham B"]
[Result "1-0"]
[PlyCount "55"]

1. e4 e5 2. f4 exf4 3. Nf3 d6 4. d4 g5 5. g3 Bg7 6. Nc3 Nc6 7. d5 Ne5 8. gxf4 gxf4 9. Bxf4 Bg4 10. Bb5+ Kf8 11. Be2 Bxf3 12. Bxf3 Qf6 13. Bxe5 Qxe5 14. Qd3 Bh6 15. O-O Bf4 16. Rf2 Nf6 17. Raf1 Rg8+ 18. Kh1 Rg6 19. Bd1 Bg5 20. Rf5 Qe7 21. Qd4 h6 22. h4 Bxh4 23. e5 Bg5 24. exf6 Rxf6 25. Rxf6 Bxf6 26. Qxf6 Qd7 27. Qh8+ Ke7 28. Re1+ 1-0

[Event "4NCL Online Division 5"]
[Site "online"]
[Date "2021.11.16"]
[EventDate "2021.11.16"]
[Round "7.52"]
[White "Hanney, Matthew"]
[WhiteElo "1800"]
[WhiteTeam "Streatham B"]
[Black "Colston, Rob"]
[BlackElo "1872"]
[BlackTeam "Bearsden Grizzlies"]
[Result "1/2-1/2"]
[PlyCount "143"]

1. e4 e6 2. b3 d5 3. Bb2 dxe4 4. Nc3 Nf6 5. Qe2 Nbd7 6. O-O-O c6 7. g4 Qa5 8. Kb1 Be7 9. h4 h6 10. Bg2 Nd5 11. Nxd5 cxd5 12. Bxg7 Rg8 13. Bc3 Qc7 14. f3 e5 15. fxe4 d4 16. Bb2 Nc5 17. Bf3 Bd7 18. d3 Ne6 19. Bc1 Bf8 20. Nh3 a5 21. g5 hxg5 22. Nxg5 Nxg5 23. hxg5 a4 24. Qf2 Be6 25. Rdf1 O-O-O 26. Bh5 Rg7 27. Qf6 Qd6 28. g6 fxg6 29. Bxg6 Rc7 30. Qxe6+ Qxe6 31. Bf5 Qd7 32. Bxd7+ Rcxd7 33. Rh8 Bd6 34. Rxd8+ Rxd8 35. Rf6 axb3 36. axb3 Kc7 37. Kb2 Bb4 38. Re6 Bc3+ 39. Kb1 Ra8 40. Bb2 Bxb2 41. Kxb2 Ra5 42. c3 dxc3+ 43. Kxc3 Kd7 44. Rh6 Rc5+ 45. Kb4 Rc1 46. Rh7+ Kc6 47. Re7 Rd1 48. Kc3 Rc1+ 49. Kd2 Rc5 50. Re8 Kd7 51. Rh8 b6 52. Rh6 Kc7 53. Rh7+ Kd6 54. Rh6+ Kc7 55. Rh1 Ra5 56. Rc1+ Kd7 57. Kc3 Rc5+ 58. Kd2 Ra5 59. Rc4 Kd6 60. Kc3 Ra2 61. d4 exd4+ 62. Rxd4+ Kc6 63. Rd2 Ra1 64. Re2 Kd6 65. e5+ Ke6 66. Kc4 Ra5 67. Kd4 Rd5+ 68. Kc4 Rc5+ 69. Kd4 Rd5+ 70. Kc4 Rc5+ 71. Kb4 Rd5 72. Kc4 1/2-1/2